000 00294nam a22001337a 4500
008 190206b xxu||||| |||| 00| 0 eng d
020 _a9780534187866
041 _aeng
080 _a510
100 _a38
101 _aMAT
245 _aPatterns in Mathematics
_cCown,J.R.M
942 _2udc
_cBK
999 _c54088
_d54088